00562nam a22001817a 4500003001100000005001700011008004100028020001800069040003900087041000800126082001700134100001900151245006700170260005300237300002400290650003500314650003100349LK-CoMWRAF20240212180644.0240211b |||||||| |||| 00| 0 eng d a9789551772420 aLK-CoMWRAFdLK-CoMWRAFeLK-CoMWRAF aeng a303.485bSAR aSaroor, Shreen aImpact of the Tsunami in the East - Muslim women's perspective aColombo :bSocial scientists association, c2009 a28 p. : ills. 23cm. aNational disasters - Sri Lanka aNational disasters - Women